Traité de physique élémentaire à l'usage des écoles et des familles

Gespeichert in:
Bibliographische Detailangaben
1. Verfasser: TANGHE [Charles Louis] Inspecteur cantonal et directeur du pensionnat de Thourout, chevalier de l'ordre de Léopold
Format: keine Angabe
Sprache:Französisch
Erschienen: Leipzig Libr. internationale-catholique/L. A. Kittler, commissionnaire/Vve. H. Casterman, éditeur pontifical, imprimeur de l'évêché 1880
Ausgabe:treizième édition
Katalog:MANES:  Suchergebnis im Bibliothekskatalog
Schulbuchspezifische Eigenschaften:
Schlagworte:
Tags: Tag hinzufügen
Keine Tags, Fügen Sie den ersten Tag hinzu!
Hinzugefügt zu:26.04.2016

MARC

LEADER 000000000a22000000004500
001 22149
008 160427s be ||||| |||| 00| 0 fre d
040 |a manes  |c manes 
041 |a Francés 
100 1 |a TANGHE [Charles Louis]  |b Inspecteur cantonal et directeur du pensionnat de Thourout, chevalier de l'ordre de Léopold 
245 0 0 |a Traité de physique élémentaire à l'usage des écoles et des familles 
250 |a treizième édition 
260 3 |a Leipzig  |b Libr. internationale-catholique/L. A. Kittler, commissionnaire/Vve. H. Casterman, éditeur pontifical, imprimeur de l'évêché  |c 1880 
300 |a 204 p. 
500 |a Ouvrage dont l'emploi est autorisé dans les écoles moyennes 
546 |a Bélgica 
650 7 |a Física y Química 
655 7 |a Primaria 
942 |2 ddc  |c BK 
999 |c 44477  |d 44477 
999 |c manes:44477  |d 44477